El interš superior del menor y las medidas civiles a adoptar en supuestos de violencia de gňero

Bibliographic Details
Main Author: Mr︢tula Lafuente, Virginia
Format: eBook
Language:Spanish
Published: Madrid: Dykinson, 2016
Subjects:
Online Access:Acceso restringido

MARC

LEADER 00000nam a22000007a 4500
005 2017090206196.0
007 cr|||| ||||
008 170902s2016 es |||||s|||| 00||0 spa d
020 |a 978-84-9085-991-9 
035 |a 20504 
040 |a vLex 
090 |c 6900  |d 6900 
100 1 |a Mr︢tula Lafuente, Virginia 
245 1 2 |a El interš superior del menor y las medidas civiles a adoptar en supuestos de violencia de gňero  |h [Recurso electrn̤ico] /  |c Virginia Mr︢tula Lafuente 
256 |a Servicio en ln̕ea 
260 |a Madrid:  |b Dykinson,  |c 2016 
300 |a 1 recurso electrn̤ico 
506 1 |a Disponible solo en los productos indicados  |d vLex Global  |d vLex Global (Academic Edition, excluding Law Schools)  |d vLex Global (U.S. Academic Edition, Law Schools)  |d vLex Global (U.S. Academic Edition, excluding Law Schools)  |d vLex Global (Academic Edition, Law Schools) 
650 0 4 |a Derecho Civil  |z Espaą 
650 0 4 |a Derecho Penal  |z Espaą 
740 0 |a vLex Libros (Servicio en ln̕ea) 
856 4 0 |u http://vlex.com/source/interes-superior-menor-medidas-civiles-violencia-genero-20504  |z Acceso restringido 
942 |c BOOK 
999 0 |a Civil Law 
999 0 |a Criminal Law